Sociétés animales : Un regard sociologique (notice n° 1643484)
[ vue normale ]
| 000 -LEADER | |
|---|---|
| fixed length control field | 01256cam a2200133 4500500 |
| 005 - DATE AND TIME OF LATEST TRANSACTION | |
| control field | 20260208000025.0 |
| 041 ## - LANGUAGE CODE | |
| Language code of text/sound track or separate title | fre |
| 042 ## - AUTHENTICATION CODE | |
| Authentication code | dc |
| 100 10 - MAIN ENTRY--PERSONAL NAME | |
| Personal name | Kohler, Florent |
| Relator term | author |
| 245 00 - TITLE STATEMENT | |
| Title | Sociétés animales : Un regard sociologique |
| 260 ## - PUBLICATION, DISTRIBUTION, ETC. | |
| Name of publisher, distributor, etc. | Armand Colin,<br/> |
| Date of publication, distribution, etc. | 2025.<br/> |
| 520 ## - SUMMARY, ETC. | |
| Summary, etc. | Et si les « sociétés animales » étaient des sociétés comme les autres ? La société comme système organisé et pérenne, et les faits sociaux qu’elle recouvre, transcende la barrière des espèces. La profondeur temporelle, l’historicité de sociétés ancrées dans un espace donné, et des concepts tels que ceux de parenté et d’alliance, empruntés à l’anthropologie, de pression normative et de ligne de conduite, empruntés à la sociologie, sont autant d’instruments permettant de réduire l’incommensurabilité supposée entre les mondes humains et non humains. Fondé sur des exemples humains et non-humains, ce livre systématise et expose clairement les enjeux d’une approche nouvelle : celle d’une sociologie animale. Il s’adresse aux étudiants et à qui se passionne pour ceux qui partagent notre planète. |
| 856 41 - ELECTRONIC LOCATION AND ACCESS | |
| Uniform Resource Identifier | <a href="https://shs.cairn.info/societes-animales--9782200640026?lang=fr&redirect-ssocas=7080">https://shs.cairn.info/societes-animales--9782200640026?lang=fr&redirect-ssocas=7080</a> |
Pas d'exemplaire disponible.




Réseaux sociaux